Muhammad y Al-Qasim, `amires` de Algeciras / (Record no. 126606)

MARC details
000 -LEADER
campo de control de longitud fija 00718nam a2200193 4500
001 - NÚMERO DE CONTROL
campo de control 126606
003 - IDENTIFICADOR DE NÚMERO DE CONTROL
campo de control ES-MaACL
005 - FECHA Y HORA DE LA ÚLTIMA TRANSACCIÓN
campo de control 20230906192840.0
007 - CAMPO FIJO DE DESCRIPCIÓN FÍSICA--INFORMACIÓN GENERAL
campo de control de longitud fija t|
008 - DATOS DE LONGITUD FIJA--INFORMACIÓN GENERAL
campo de control de longitud fija 070214s1956 sp r ||||1| spa d
100 1# - ENTRADA PRINCIPAL--NOMBRE DE PERSONA
Nombre de persona Requena, Fermín.
9 (RLIN) 96291
245 10 - MENCIÓN DEL TÍTULO
Título Muhammad y Al-Qasim, `amires` de Algeciras /
Mención de responsabilidad, etc. Fermín Requena ; prólogo del Marqués de Desio ; portada de Gabriel Requena Escudero.
260 ## - PUBLICACIÓN, DISTRIBUCIÓN, ETC.
Lugar de publicación, distribución, etc. Antequera :
Nombre del editor, distribuidor, etc. [s. n.],
Fecha de publicación, distribución, etc. 1956 (
Fabricante Tip. San Nicolás de Bari)
300 ## - DESCRIPCIÓN FÍSICA
Extensión 120 p. ;
Dimensiones 19 cm.
700 1# - ENTRADA AGREGADA--NOMBRE PERSONAL
Nombre de persona Requena Escudero, Gabriel.
9 (RLIN) 96300
700 1# - ENTRADA AGREGADA--NOMBRE PERSONAL
Nombre de persona Desio, José Antonio de Sangroniz y Castro, Marqués de,
Fechas asociadas al nombre 1899-1980
9 (RLIN) 103145
852 ## - LOCALIZACIÓN
Ubicación ES-MaACL
Número de control de estantería C-10563
Sublocalización o colección R.38582
Holdings
Estatus retirado Estado de pérdida Estado de daño No para préstamo Biblioteca de origen Biblioteca actual Ubicación en estantería Fecha de adquisición Fuente de adquisición Total de préstamos Signatura topográfica completa Código de barras Visto por última vez Precio de reemplazo Tipo de ítem Koha
        Biblioteca del Ateneo de Madrid Biblioteca del Ateneo de Madrid Sala Palomar 17/01/2008     C-10563 1131870 23/02/2023 23/02/2023 Libro impreso